الكشف الجديد : (Record no. 15767)
[ view plain ]
| 000 -الفاتح | |
|---|---|
| حقل البيانات ثابتة الطول | 00691nam a22001697a 4500 |
| 008 - عناصر البيانات ثابتة الطول - معلومات عامة | |
| حقل البيانات ثابتة الطول | 110801t1994 xxu||||g |||| 000 0 ara d |
| 020 ## - الرقم الدولى المعيارى للكتب | |
| الرقم الدولى المعيارى للكتاب | 9775337097 |
| 082 ## - رقم تصنيف ديوى العشرى | |
| رقم الطبعة | 22 |
| رقم التصنيف | 291.21 |
| رقم المادة | د و ى |
| 100 ## - المدخل الرئيسى - إسم شخصى | |
| 9 (RLIN) | 26515 |
| الإسم الشخصى | دويل،أرثر كونان |
| 245 ## - بيان العنوان | |
| العنوان | الكشف الجديد : |
| بقية العنوان | صفحات رائعة فى العلم الروحى الحديث/ |
| بيان المسئوليه,etc | تأليف أرثر كونان دويل؛ترجمة و عرض عبد العزيز جادو |
| 260 ## - PUBLICATION, DISTRIBUTION, ETC. (IMPRINT) | |
| مكان الناشر او الموزع | الإسكندرية : |
| اسم الناشر او الموزع | دار صادق للنشر،1994. |
| تاريخ النشر أو التوزيع | 1994. |
| 300 ## - الوصف المادى | |
| التعداد | 125ص، |
| أبعاد الوعاء | 24سم. |
| 650 ## - المدخل الاضافى بالموضوع-مصطلح موضوعى | |
| 9 (RLIN) | 22342 |
| مصطلح موضوعي أو اسم جغرافي كعنصر مدخل | المادية |
| 653 ## - مصطلح تكشيفى غير مقيد | |
| Resource For college | |
| Arrived date list | August2011 |
| 700 ## - المدخل الاضافى - اسم شخصى | |
| 9 (RLIN) | 26516 |
| الإسم الشخصى | جادو،عد العزيز |
| 942 ## - عناصر المدخل الإضافي( كوها) | |
| مصدر التصنيف او مخطط الترفيف | Dewey Decimal Classification |
| Koha [default] item type | Book - Borrowing |
| حالة التراجع | حالة الفقد | مصدر التصنيف او خطة الترفيف | حالة تلف | ليس للاعارة | مجموعات كوها | المكان الدائم | المكان الحالي | موقع الترفيف | تاريخ الاكتساب | Source of acquisition | رقم الاستدعاء | الباركود | Date last seen | نوع الوعاء | مُعار |
|---|---|---|---|---|---|---|---|---|---|---|---|---|---|---|---|
| Dewey Decimal Classification | Central Library | Central Library | Lower Floor | 01/08/2011 | Donation | 291.21 د و ى | 000023037 | 15/07/2025 | Book - Borrowing | ||||||
| Dewey Decimal Classification | Central Library | Central Library | Lower Floor | 01/08/2011 | Donation | 291.21 د و ى | 000023036 | 15/07/2025 | Book - Borrowing | ||||||
| Dewey Decimal Classification | Central Library | Central Library | Lower Floor | 01/08/2011 | Donation | 291.21 د و ى | 000023035 | 15/07/2025 | Book - Borrowing | 16/12/2012 |